• 首页
  • 本馆介绍
  • 公告通知
  • 最新文献
  • 馆藏检索
  • 电子资源
  • 读者导购
  • 参考咨询
  • 我的图书馆
  • 登录
  • 详细信息显示
  • 放入我的书架
  • 预约/预借图书
  • 作者相关作品
  • 分类相关作品
  • 丛书相关作品
  • 出版社相关作品

书目信息

  • 表格格式
  • 工作单格式
  • 卡片格式
题名:
我用一生来回答
    
 
作者: 张茉 编著
分册:  
出版信息: 北京   作家出版社  2016
页数: 261页
开本: 24cm
丛书名:
单 册:
中图分类: B821-49 , K826.16=71
科图分类:
主题词: 女性--nv xing--人生哲学--通俗读物
电子资源:
ISBN: 978-7-5063-8585-5
000 00930nam0 22002651 450
001 0124140317
005 20170324140317.0
010    @a978-7-5063-8585-5@dCNY39.80
100    @a20160121d2016 em y0chiy50 ea
101 0  @achi
102    @aCN@b110000
105    @ay z 000yy
106    @ar
200 1  @a我用一生来回答@9wo yong yi sheng lai hui da@e林徽因的女人哲学@f张茉编著
210    @a北京@c作家出版社@d2016
215    @a261页@d24cm
330    @a本书从林徽因的一生入手,展现了她外柔内刚、顽强不屈的品格和爱能爱到至深至纯、诚又诚到如痴如醉的风采,总结出女性出世入世的哲学和技巧。
517 1  @a林徽因的女人哲学@9lin hui yin de nv ren zhe xue
600  0 @a林徽因@Alin hui yin@f(1904-1955)@x人物研究
606 0  @a女性@9nv xing@x人生哲学@j通俗读物
690    @aB821-49@v5
690    @aK826.16=71@v5
701  0 @a张茉@9zhang mo@c(文学)@4编著
801  0 @aCN@bTANGWEI@c20170308
905    @b0963135-8@dB821-49@e674@f4
    
    我用一生来回答:林徽因的女人哲学/张茉编著.-北京:作家出版社,2016
    261页;24cm
    
    
    ISBN 978-7-5063-8585-5:CNY39.80
    本书从林徽因的一生入手,展现了她外柔内刚、顽强不屈的品格和爱能爱到至深至纯、诚又诚到如痴如醉的风采,总结出女性出世入世的哲学和技巧。
●
相关链接 在E读中查询图书 在五车中查询图书 在当当中查询图书 在豆瓣中查询图书


正题名:我用一生来回答     索取号:B821-49/674         预约/预借

序号 登录号 条形码 馆藏地/架位号 状态 备注
1 0963135   209631353   第一样本阅览室/ [索取号:B821-49/674] 在馆    
2 0963136   209631362   第一借阅区/ [索取号:B821-49/674] 在馆    
3 0963137   209631371   第一借阅区/ [索取号:B821-49/674] 在馆    
4 0963138   209631380   第一借阅区/ [索取号:B821-49/674] 在馆    
唐山师范学院图书馆 欢迎您!
大连网信软件有限公司© 版权所有